Geology of the Mount Le Conte 7.5-minute quadrangle, Great Smoky Mountains National Park, Tennessee and North Carolina /

Bibliographic Details
Corporate Author: Geological Survey (U.S.)
Other Authors: Schultz, Arthur P.
Format: Government Document Book
Language:English
Published: [Reston, Va.] : The Survey, 2000.
Series:U.S. Geological Survey open-file report ; 00-261.
Subjects:
Online Access:http://geology.er.usgs.gov/eespteam/smoky/smoky.html

MARC

Tag First Indicator Second Indicator Subfields
LEADER 00000cmm a2200000La 4500
001 in00001592521
005 20151022122339.0
008 001207s2000 xxu c u f eng d
020 |a 0607955341 
020 |a 9780607955347 
035 |a (OCoLC)ocm78095517 
035 |a (OCoLC)78095517 
037 |a 9780607955347  |b GIS 
040 |a UPM  |c UPM  |d OCLCQ  |d UtOrBLW 
043 |a n-us-nc  |a n-us-tn 
049 |a TXAM 
086 0 |a I 19.76:00-261 
245 0 0 |a Geology of the Mount Le Conte 7.5-minute quadrangle, Great Smoky Mountains National Park, Tennessee and North Carolina /  |c by Art Schultz [and others] ; U.S. Department of the Interior, U.S. Geological Survey. 
246 1 |i Title from spine of jewel case:  |a Digital geologic map of Mt. Le Conte6USGS 
255 |a Scale 1:24,000 ;  |b Polyconic proj.  |c (W 83030ʹ00ʺ--W 83022ʹ30ʺ/N 35045ʹ00ʺ--N 35037ʹ30ʺ). 
264 1 |a [Reston, Va.] :  |b The Survey,  |c 2000. 
300 |a 1 computer optical disc :  |b color illustrations, color maps ;  |c 4 3/4 in. 
336 |a computer program  |b cop  |2 rdacontent 
337 |a computer  |b c  |2 rdamedia 
338 |a computer disc  |b cd  |2 rdacarrier 
490 1 |a U.S. Geological Survey open-file report ;  |v 00-261 
500 |a Title from jewel case. 
500 |a Relief shown by contours, spot heights and shading. 
500 |a Shipping List #: 2001-0006-E 
500 |a Shipping List Date: 11/22/2000 
504 |a Includes bibliographical references (index file). 
530 |a Further information available from project WEB site. 
538 |a Macintosh, Windows 95/98/NT or Unix computers with ArcInfo 7.1.1 for GIS applications and Adobe Acrobat Reader to view .pdf files. 
500 |a Electronic resource. 
650 0 |a Geology  |z Great Smoky Mountains National Park (N.C. and Tenn.)  |v Maps. 
700 1 |a Schultz, Arthur P. 
710 2 |a Geological Survey (U.S.) 
830 0 |a U.S. Geological Survey open-file report ;  |v 00-261. 
856 4 2 |u http://geology.er.usgs.gov/eespteam/smoky/smoky.html  |t 0 
994 |a C0  |b TXA 
948 |a cataloged  |b h  |c 2010/06/29  |e rharris  |f 10:30:33 am 
999 |a MARS 
999 f f |s 18f18102-0b60-3cf5-9df5-e876cef6dd69  |i 90dbb014-9903-3570-9b44-e2e216299c5a  |t 0 
952 f f |p normal  |a Texas A&M University  |b College Station  |c Sterling C. Evans Library  |d Evans: US Documents CD-ROMs (Annex 5th floor)  |t 0  |e I 19.76:00-261  |h Superintendent of Documents classification  |i computer -- computer disc  |m A14826355315 
998 f f |a I 19.76:00-261  |t 0  |l Evans: US Documents CD-ROMs (Annex 5th floor)